[Event "come and have a go..."]
[Site "SchemingMind.com"]
[Date "2021.04.19"]
[Round "-"]
[White "The Chess Machine"]
[Black "Giraldo Menendez Rodriguez"]
[Result "1/2-1/2"]
[WhiteCountry "ENG"]
[BlackCountry "CUB"]
[WhiteElo "2534"]
[WhiteRD "85"]
[BlackElo "2588"]
[BlackRD "74"]
[GameID "710789"]

1. e4 c5 2. Nf3 Nc6 3. Bb5 g6 4. Bxc6 bxc6 5. O-O Bg7 6. Re1 Nh6 7. c3 O-O 8. h3 f5 9. e5 Nf7 10. d4 cxd4
11. cxd4 Bb7 12. Na3 c5 13. dxc5 Rc8 14. Be3 Bxf3 15. Qxf3 Nxe5 16. Qd1 Nf7 17. Rb1 d6 18. cxd6 Qxd6 19. Bxa7 Ra8 20. Be3 Qxd1
21. Rexd1 Rfb8 22. Nc4 Rxa2 23. Rd7 Ne5 24. Nxe5 Bxe5 25. Rxe7 Bf6 26. Ra7 Rxa7 27. Bxa7=
1/2-1/2

[Event "come and have a go..."]
[Site "SchemingMind.com"]
[Date "2021.04.19"]
[Round "-"]
[White "Giraldo Menendez Rodriguez"]
[Black "The Chess Machine"]
[Result "1/2-1/2"]
[WhiteCountry "CUB"]
[BlackCountry "ENG"]
[WhiteElo "2588"]
[WhiteRD "74"]
[BlackElo "2534"]
[BlackRD "85"]
[GameID "710790"]

1. Nf3 Nf6 2. c4 b6 3. g3 c5 4. Bg2 Bb7 5. O-O g6 6. Nc3 Bg7 7. d4 cxd4 8. Qxd4 d6 9. Rd1 Nbd7 10. Be3 Rc8
11. Rac1 O-O 12. Qh4 Re8 13. b3 a6 14. Bh3 h5 15. Ng5 Ba8 16. Qf4 Rf8 17. Qh4 Re8 18. a3 Rc7 19. a4 Rc8 20. b4 e6
21. Rxd6 Qe7 22. Rxe6 fxe6 23. Bxe6+ Kh8 24. Nf7+ Kh7 25. Ng5+=
1/2-1/2

[Event "come and have a go..."]
[Site "SchemingMind.com"]
[Date "2021.04.22"]
[Round "-"]
[White "ramesse"]
[Black "Giraldo Menendez Rodriguez"]
[Result "1/2-1/2"]
[WhiteCountry "SVK"]
[BlackCountry "CUB"]
[WhiteElo "2568"]
[WhiteRD "73"]
[BlackElo "2566"]
[BlackRD "72"]
[GameID "710791"]

1. e4 c5 2. Nf3 d6 3. d4 cxd4 4. Nxd4 Nf6 5. Nc3 a6 6. Be3 e5 7. Nb3 Be6 8. f3 h5 9. Qd2 Nbd7 10. Nd5 Bxd5
11. exd5 g6 12. Be2 Bg7 13. O-O b6 14. c4 O-O 15. Rae1 Re8 16. Kh1 Rb8 17. Bg5 Qc7 18. Bd3 Nh7 19. Be3 Nhf6 20. Qe2 h4
21. Qf2 b5 22. Rc1 bxc4 23. Bxc4 h3 24. gxh3 Qd8 25. Bg5 Qb6 26. Be3 Qd8 27. Qh4 Rb4 28. Qe1 Rxc4 29. Rxc4 Nxd5 30. Bc1 N7f6
31. h4 Qd7 32. Rg1 Qe6 33. Qe2 Nh5 34. Rcg4 Ndf4 35. Bxf4 Nxf4 36. Qxa6 Qd5 37. Qf1 f5 38. Rxf4 exf4 39. Qd1 Qxd1 40. Rxd1 Bxb2
41. Rxd6 Kf7 42. a4 Re3 43. Rb6 Bc3 44. Kg2=
1/2-1/2

[Event "come and have a go..."]
[Site "SchemingMind.com"]
[Date "2021.04.22"]
[Round "-"]
[White "Giraldo Menendez Rodriguez"]
[Black "ramesse"]
[Result "1/2-1/2"]
[WhiteCountry "CUB"]
[BlackCountry "SVK"]
[WhiteElo "2566"]
[WhiteRD "72"]
[BlackElo "2568"]
[BlackRD "73"]
[GameID "710792"]

1. e4 e5 2. Nf3 Nc6 3. Bb5 a6 4. Ba4 Nf6 5. O-O Be7 6. Re1 b5 7. Bb3 O-O 8. c3 d6 9. h3 Bb7 10. d4 Re8
11. Nbd2 Bf8 12. a3 h6 13. Bc2 Nb8 14. b3 Nbd7 15. Bb2 c6 16. Bd3 Nh5 17. Bf1 Nf4 18. Qc2 Ne6 19. Rad1 a5 20. dxe5 Nxe5
21. Nd4 Qb6 22. Re3 Rad8 23. a4 bxa4 24. bxa4 Nc5 25. Rb1 Bc8 26. c4 Na6 27. N2b3 Nb4 28. Qc3 Be7 29. f4 Nd7 30. Nxa5 Bf6
31. Nab3 c5 32. Qd2 cxd4 33. Bxd4 Qb7 34. Bxf6 Nxf6 35. Nd4 Qa7 36. Rxb4 Nxe4 37. Qb2 Bd7 38. Kh2 Rb8 39. Rxb8 Rxb8 40. Qa1 Nd2
41. Be2 Rb1 42. Qc3 Nf1+ 43. Bxf1 Rxf1 44. Rg3 g6 45. Qd3=
1/2-1/2

[Event "come and have a go..."]
[Site "SchemingMind.com"]
[Date "2021.04.19"]
[Round "-"]
[White "Till Plewe"]
[Black "Giraldo Menendez Rodriguez"]
[Result "1/2-1/2"]
[WhiteCountry "JPN"]
[BlackCountry "CUB"]
[WhiteElo "2562"]
[WhiteRD "85"]
[BlackElo "2566"]
[BlackRD "72"]
[GameID "710793"]

1. e4 c5 2. Nf3 Nc6 3. Bb5 g6 4. Bxc6 bxc6 5. d4 Ba6 6. dxc5 Qa5+ 7. Nbd2 Nf6 8. a3 Qxc5 9. b4 Qb6 10. c4 d5
11. e5 Ng4 12. O-O Bg7 13. Bb2 dxc4 14. Bd4 Qc7 15. Re1 Rd8 16. Bc3 O-O 17. h3 Nh6 18. Qe2 Rd3 19. Ne4 Nf5 20. Rac1 Bh6
21. Rc2 Rfd8 22. Nc5 Qc8 23. Qe4 e6 24. Nxd3 cxd3 25. Rb2 Bb7 26. Nh4 Ne7 27. Qg4 Nd5 28. Bd2 Bxd2 29. Rxd2 Nc3 30. Re3 Ba6
31. Nf3 Rd7 32. Ng5 c5 33. Qh4 h5 34. bxc5 Qxc5=
1/2-1/2

[Event "come and have a go..."]
[Site "SchemingMind.com"]
[Date "2021.04.19"]
[Round "-"]
[White "Giraldo Menendez Rodriguez"]
[Black "Till Plewe"]
[Result "1/2-1/2"]
[WhiteCountry "CUB"]
[BlackCountry "JPN"]
[WhiteElo "2583"]
[WhiteRD "72"]
[BlackElo "2565"]
[BlackRD "80"]
[GameID "710794"]

1. e4 c5 2. Nf3 e6 3. d4 cxd4 4. Nxd4 Nc6 5. Nc3 Qc7 6. Be3 a6 7. Qd2 Nf6 8. O-O-O Be7 9. f3 b5 10. g4 Nxd4
11. Bxd4 Bb7 12. Kb1 O-O 13. Qf2 d5 14. g5 Nh5 15. exd5 b4 16. Bb6 Qb8 17. Na4 Bxd5 18. Be3 Qb7 19. Be2 Rad8 20. Nb6 Bc6
21. b3 g6 22. Nc4 Qb8 23. Bc1 Nf4 24. h4 Rxd1 25. Rxd1 Nd5 26. Bb2 Rd8 27. Qe1 Bb5 28. Ne5 Bxe2= 29. Qxe2 Qc7 30. Rd3 a5
31. Ng4 Rc8 32. Qe5 Qxe5 33. Bxe5 h5 34. Ne3 Nc3+ 35. Kb2 a4 36. Nd1 Nxd1+ 37. Rxd1 Rc5 38. f4 Rd5 39. Rd3 a3+ 40. Kc1 Kf8
41. Kd2=
1/2-1/2

[Event "come and have a go..."]
[Site "SchemingMind.com"]
[Date "2021.04.19"]
[Round "-"]
[White "frankly"]
[Black "Giraldo Menendez Rodriguez"]
[Result "1/2-1/2"]
[WhiteCountry "ENG"]
[BlackCountry "CUB"]
[WhiteElo "2585"]
[WhiteRD "70"]
[BlackElo "2578"]
[BlackRD "73"]
[GameID "710795"]

1. d4 Nf6 2. c4 c6 3. Nf3 d5 4. Nc3 e6 5. Bg5 h6 6. Bxf6 Qxf6 7. e3 Nd7 8. Be2 g6 9. O-O Bg7 10. cxd5 exd5
11. b4 a6 12. a4 O-O 13. b5 Qd6 14. bxc6 bxc6 15. Rb1 Rb8 16. Rxb8 Nxb8 17. Qd2 Be6 18. Rc1 Rc8 19. Bf1 Qa3 20. Ne2 Qxa4
21. Nf4 Bf5 22. Nh4 Bd7 23. Nf3 Qb3 24. Ne5 Qb7 25. Ned3 Qb6=
1/2-1/2

[Event "come and have a go..."]
[Site "SchemingMind.com"]
[Date "2021.04.19"]
[Round "-"]
[White "Giraldo Menendez Rodriguez"]
[Black "frankly"]
[Result "1/2-1/2"]
[WhiteCountry "CUB"]
[BlackCountry "ENG"]
[WhiteElo "2578"]
[WhiteRD "73"]
[BlackElo "2585"]
[BlackRD "70"]
[GameID "710796"]

1. e4 e5 2. Nf3 Nc6 3. Bb5 a6 4. Ba4 Nf6 5. O-O Be7 6. Re1 b5 7. Bb3 O-O 8. h3 Bb7 9. d3 d5 10. exd5 Nxd5
11. Nxe5 Nd4 12. Bd2 Re8 13. Nc3 Nxb3 14. axb3 Bd6 15. Nf3 Rxe1+ 16. Nxe1 Nxc3 17. bxc3 Qf6 18. Qh5 b4 19. Nf3 bxc3 20. Be3 Re8
21. Qg5 Qxg5 22. Nxg5 f5 23. Kf1 Bb4 24. Bf4=
1/2-1/2

[Event "come and have a go..."]
[Site "SchemingMind.com"]
[Date "2021.04.19"]
[Round "-"]
[White "Giraldo Menendez Rodriguez"]
[Black "Servelión Graterol Hernández"]
[Result "1/2-1/2"]
[WhiteCountry "CUB"]
[BlackCountry "VEN"]
[WhiteElo "2566"]
[WhiteRD "72"]
[BlackElo "2568"]
[BlackRD "67"]
[GameID "710797"]

1. d4 Nf6 2. c4 e6 3. Nf3 b6 4. g3 Ba6 5. Qc2 c5 6. d5 exd5 7. cxd5 Bb7 8. Bg2 Nxd5 9. O-O Be7 10. Rd1 Nc6
11. Qa4 Nf6 12. Nh4 O-O 13. Nf5 d5 14. Nc3 Nd4 15. Nxd4 cxd4 16. Rxd4 Bc5 17. Rd1 Qc8 18. Nxd5 Nxd5 19. Bxd5 Bxd5 20. Rxd5 Qe6
21. Qd1 Qf6 22. Bf4 Qxb2 23. Be5 Qb4 24. Qd3 Rfe8 25. Rd1 h6 26. Kg2 Rac8 27. Rd2 Qa4 28. Qf3 Qc4 29. e3 a5 30. Bd6 Red8
31. Bxc5 Rxd5 32. Qxd5=
1/2-1/2

[Event "come and have a go..."]
[Site "SchemingMind.com"]
[Date "2021.04.19"]
[Round "-"]
[White "Servelión Graterol Hernández"]
[Black "Giraldo Menendez Rodriguez"]
[Result "1/2-1/2"]
[WhiteCountry "VEN"]
[BlackCountry "CUB"]
[WhiteElo "2555"]
[WhiteRD "76"]
[BlackElo "2578"]
[BlackRD "73"]
[GameID "710798"]

1. Nf3 d5 2. d4 Nf6 3. c4 e6 4. Nc3 Bb4 5. Bg5 h6 6. Bxf6 Qxf6 7. e3 O-O 8. Rc1 dxc4 9. Bxc4 c5 10. O-O cxd4
11. Nxd4 Bd7 12. Ne4 Qe7 13. Bd3 Nc6 14. Nb3 Na5 15. Rc7 Rfd8 16. Nxa5 Bxa5 17. Rxb7 Qf8 18. Qh5 Bb6 19. Ng5 Rac8 20. Bh7+=
1/2-1/2

[Event "come and have a go..."]
[Site "SchemingMind.com"]
[Date "2021.04.19"]
[Round "-"]
[White "Giraldo Menendez Rodriguez"]
[Black "Rubén Pulido "]
[Result "1/2-1/2"]
[WhiteCountry "CUB"]
[BlackCountry "CUB"]
[WhiteElo "2578"]
[WhiteRD "73"]
[BlackElo "2507"]
[BlackRD "68"]
[GameID "710799"]

1. Nf3 Nf6 2. c4 e6 3. g3 d5 4. d4 Bb4+ 5. Bd2 Be7 6. Bg2 O-O 7. O-O c6 8. Qc2 b6 9. Rd1 Nbd7 10. b3 Ba6
11. a4 Qc8 12. Na3 Bb7 13. Bf4 Ne4 14. Nd2 Nxd2 15. Bxd2 Nf6 16. b4 h6 17. Bc3 Rd8 18. Qb3 Qd7 19. e3 Rab8 20. c5 bxc5
21. bxc5 Ba6= 22. Qc2 Rdc8 23. Re1 Nh7 24. Nb1 e5 25. dxe5 Bxc5 26. f4 Be7 27. Nd2 c5 28. Nf3 Nf8 29. Rab1 Rxb1 30. Qxb1 Rc7
31. a5 Bb7 32. Rd1 Qa4 33. Rc1 g6 34. h4 h5 35. f5=
1/2-1/2

[Event "come and have a go..."]
[Site "SchemingMind.com"]
[Date "2021.04.19"]
[Round "-"]
[White "Rubén Pulido "]
[Black "Giraldo Menendez Rodriguez"]
[Result "1/2-1/2"]
[WhiteCountry "CUB"]
[BlackCountry "CUB"]
[WhiteElo "2507"]
[WhiteRD "68"]
[BlackElo "2578"]
[BlackRD "73"]
[GameID "710800"]

1. e4 c5 2. Nf3 d6 3. d4 cxd4 4. Nxd4 Nf6 5. Nc3 a6 6. Be3 e5 7. Nb3 Be6 8. f3 h5 9. Qd2 Nbd7 10. Nd5 Bxd5
11. exd5 g6 12. Be2 Bg7 13. O-O b6 14. c4 O-O 15. Rae1 Re8 16. Kh1 Rb8 17. Rc1 Rc8 18. Na1 e4 19. Nc2 exf3 20. gxf3 Kh7
21. Bg5 Nc5 22. b3 Re5 23. Bf4= Re8 24. Nb4 Nfd7 25. Rf2 Nb8 26. Rg2 Qh4 27. Nd3 Nbd7 28. Nxc5 bxc5 29. Rcg1 Qf6 30. Bg5 Qd4
31. Qc2 Qc3 32. Qd1 Bh6 33. f4 Bxg5 34. Rxg5 Kg7 35. Bxh5 Nf6=
1/2-1/2